Ազգերու պատմութիւն : (Record no. 534674)
[ view plain ]
| 000 -LEADER | |
|---|---|
| fixed length control field | 00871nam a2200217 a 4500 |
| 001 - CONTROL NUMBER | |
| control field | 000846666 |
| 003 - CONTROL NUMBER IDENTIFIER | |
| control field | AM-YEHGA |
| 005 - DATE AND TIME OF LATEST TRANSACTION | |
| control field | 20250827110724.0 |
| 008 - FIXED-LENGTH DATA ELEMENTS--GENERAL INFORMATION | |
| fixed length control field | 111116s1952 sy r 000 0 arm d |
| 040 ## - CATALOGING SOURCE | |
| Original cataloging agency | AM-YEHGA |
| 041 0# - LANGUAGE CODE | |
| Language code of text/sound track or separate title | arm |
| 100 1# - MAIN ENTRY--PERSONAL NAME | |
| Personal name | Խանզատեան, Սարգիս-ֆիրուզ |
| 245 10 - TITLE STATEMENT | |
| Title | Ազգերու պատմութիւն : |
| Remainder of title | Հռոմ եւ միջին դար / |
| Statement of responsibility, etc. | Սարգիս-ֆիրուզ, Խանզատեան, Հրատ.՝ Կիւլէսէր Տէմիրճեան գրատուն. |
| 260 ## - PUBLICATION, DISTRIBUTION, ETC. | |
| Place of publication, distribution, etc. | Հալէպ, Սուրիա : |
| Name of publisher, distributor, etc. | տպ. "Արփի", |
| Date of publication, distribution, etc. | 1952. |
| 300 ## - PHYSICAL DESCRIPTION | |
| Extent | հատոր |
| 505 10 - FORMATTED CONTENTS NOTE | |
| Miscellaneous information | Հ. 2 (1952, 232 էջ, 2 ներդ. թ. քարտեզ, նկ.) |
| 650 14 - SUBJECT ADDED ENTRY--TOPICAL TERM | |
| Topical term or geographic name entry element | Պատմություն |
| Geographic subdivision | Հռոմ |
| 650 14 - SUBJECT ADDED ENTRY--TOPICAL TERM | |
| Topical term or geographic name entry element | Պատմություն |
| Chronological subdivision | Միջին դարեր |
| 710 2# - ADDED ENTRY--CORPORATE NAME | |
| Corporate name or jurisdiction name as entry element | Կիւլէսէր Տէմիրճեան գրատան հրատ |
| 942 ## - ADDED ENTRY ELEMENTS (KOHA) | |
| Source of classification or shelving scheme | Universal Decimal Classification |
| Koha item type | Գրքեր / Books |
| Withdrawn status | Lost status | Damaged status | Not for loan | Collection | Home library | Current library | Date acquired | Serial enumeration / chronology | Total checkouts | Full call number | Barcode | Date last seen | Price effective from | Koha item type | Public note |
|---|---|---|---|---|---|---|---|---|---|---|---|---|---|---|---|
| Zhamkochyan Individual collection | Fundamental Scientific Library | Fundamental Scientific Library | 21/05/2025 | Հ․ 2 | Ժամ/526 | FL0690073 | 21/05/2025 | 21/05/2025 | Գրքեր / Books | ILL Non-Circ. |
ՀՀ Գիտությունների ազգային ակադեմիայի հիմնարար գիտական գրադարան = Fundamental Scientific Library of NAS RA
All site content, except where otherwise noted, is licensed under a